[Event "6th EUR-ch (w)"]
[Site "Chisinau MDA"]
[Date "2005.06.16"]
[Round "6"]
[White "Olarasu, Gabriela"]
[Black "Fakhiridou, Ekaterini"]
[Result "1/2-1/2"]
[WhiteElo "2353"]
[BlackElo "2247"]
[EventDate "2005.06.10"]
[PlyCount "88"]

1.d4 d6 2.Nf3 Nd7 3.c4 g6 4.Nc3 Bg7 5.e4 c6 6.Be2 e5 7.Be3 Nh6 8.dxe5 dxe5
9.O-O f6 10.Qc1 Nf7 11.c5 O-O 12.Nd2 Qe7 13.b4 Rd8 14.Rd1 Nf8 15.Qc2 f5 
16.Nb3 f4 17.Rxd8 Nxd8 18.Bc1 Nfe6 19.Rb1 Nf7 20.Nd1 Bd7 21.Nb2 Rd8 22.Nc4
Bc8 23.f3 g5 24.Bb2 h5 25.Rd1 Nf8 26.Rxd8 Qxd8 27.Qd1 Qe7 28.a4 Be6 29.
Nca5 Qc7 30.h3 Nd7 31.Bc4 Bxc4 32.Nxc4 Bf8 33.Bc3 b6 34.cxb6 Nxb6 35.Nb2 
c5 36.b5 c4 37.Na5 Qc5+ 38.Kh1 Qa3 39.Qc2 Bb4 40.Bxb4 Qxb4 41.Naxc4 Qe1+ 
42.Kh2 Qg3+ 43.Kg1 Qe1+ 44.Kh2 Qg3+ 1/2-1/2

[Event "6th EUR-ch (w)"]
[Site "Chisinau MDA"]
[Date "2005.06.16"]
[Round "6"]
[White "Mamedyarova, Turkan"]
[Black "Goreskul, Alyona"]
[Result "1-0"]
[WhiteElo "2221"]
[BlackElo "2323"]
[EventDate "2005.06.10"]
[PlyCount "71"]

1.d4 Nf6 2.Nf3 e6 3.b3 b6 4.Bb2 Bb7 5.e3 d6 6.Bd3 Nbd7 7.O-O g6 8.Nbd2 Bg7
9.c4 Qe7 10.e4 e5 11.Re1 O-O 12.b4 exd4 13.Bxd4 Ng4 14.Bxg7 Kxg7 15.h3 
Nge5 16.Nxe5 dxe5 17.Rb1 a5 18.a3 axb4 19.axb4 Ra2 20.Nf1 Rfa8 21.Ne3 Qh4 
22.Qf3 R8a3 23.Rbd1 Rb2 24.c5 Raa2 25.Ng4 Ra3 26.Re3 Nf6 27.Nxe5 Rxb4 28.
c6 Ba6 29.Bxa6 Rxa6 30.g4 Raa4 31.Rd4 Qg5 32.Nd3 Rxd4 33.Qg3 Nd5 34.exd5 
Rxg4 35.hxg4 Rxg4 36.d6 1-0

[Event "6th EUR-ch (w)"]
[Site "Chisinau MDA"]
[Date "2005.06.16"]
[Round "6"]
[White "Milliet, Sophie"]
[Black "Czarnota, Dorota"]
[Result "1-0"]
[WhiteElo "2319"]
[BlackElo "2244"]
[EventDate "2005.06.10"]
[PlyCount "79"]

1.e4 c6 2.d4 d5 3.e5 Bf5 4.Nf3 e6 5.a3 Nd7 6.Be2 h6 7.O-O Ne7 8.Nbd2 g5 9.
b4 Ng6 10.Nb3 Bg7 11.Ne1 h5 12.Nc5 Nxc5 13.bxc5 g4 14.Bd3 Bxd3 15.Nxd3 f6 
16.f4 fxe5 17.fxe5 Qe7 18.Be3 Nh4 19.Qd2 Nf5 20.Bg5 Qf7 21.c3 O-O 22.Rab1 
Rab8 23.Rb3 Qg6 24.Rfb1 Rf7 25.a4 Bh6 26.Bxh6 Nxh6 27.a5 a6 28.Rb6 g3 29.
hxg3 Ng4 30.Nf4 Qh6 31.Rxc6 Re8 32.Rcb6 h4 33.Qe2 Rg7 34.Rxb7 Rg5 35.Nh3 
hxg3 36.Qd2 Rf5 37.Qxh6 Nxh6 38.c6 Ng4 39.c7 Ne3 40.Rb8 1-0

[Event "6th EUR-ch (w)"]
[Site "Chisinau MDA"]
[Date "2005.06.16"]
[Round "6"]
[White "Molchanova, Tatiana"]
[Black "Ionica, Iulia-Ionela"]
[Result "1-0"]
[WhiteElo "2315"]
[BlackElo "2245"]
[EventDate "2005.06.10"]
[PlyCount "121"]

1.e4 c5 2.Nf3 e6 3.d3 Nc6 4.g3 d5 5.Nbd2 Bd6 6.Bg2 Nge7 7.O-O O-O 8.Re1 
Qc7 9.Qe2 f6 10.Nf1 a5 11.Ne3 Nd4 12.Qd1 dxe4 13.dxe4 Nxf3+ 14.Qxf3 Nc6 
15.c3 Be7 16.Nc4 b5 17.Na3 Rb8 18.Bf4 e5 19.Bd2 Rd8 20.Red1 c4 21.Nc2 Be6 
22.Ne3 Bc5 23.Nf5 Rd3 24.Be3 Bxe3 25.Nxe3 Rbd8 26.Bf1 Rxd1 27.Rxd1 Rd6 28.
a4 bxa4 29.Bxc4 Nd8 30.Bd5 Bxd5 31.Nxd5 Qb8 32.Rd2 Kf8 33.Qd1 Qb3 34.Qh5 
Nf7 35.Qxh7 a3 36.bxa3 Qxa3 37.Kg2 Qb3 38.Qf5 Qb7 39.c4 Nh6 40.Qf3 Ra6 41.
Qa3+ Kg8 42.c5 Nf7 43.c6 Rxc6 44.Ne7+ Kh7 45.Nxc6 Qxc6 46.f3 Ng5 47.Qxa5 
Qc8 48.Qa3 Ne6 49.Qe3 Qc7 50.h4 Qb8 51.Rf2 Nd4 52.f4 Nc6 53.Qf3 Qe8 54.Rb2
Nd4 55.Qg4 exf4 56.Qxf4 Nc6 57.Rb7 Nd8 58.Qf5+ Qg6 59.Rc7 Kh6 60.Rc8 Nf7 
61.Rf8 1-0

[Event "6th EUR-ch (w)"]
[Site "Chisinau MDA"]
[Date "2005.06.16"]
[Round "6"]
[White "Voicu, Carmen"]
[Black "Dragomirescu, Angela"]
[Result "0-1"]
[WhiteElo "2310"]
[BlackElo "2241"]
[EventDate "2005.06.10"]
[PlyCount "126"]

1.e4 d6 2.d4 Nf6 3.Nc3 g6 4.f4 Bg7 5.Nf3 c5 6.Bb5+ Bd7 7.e5 Ng4 8.e6 fxe6 
9.Ng5 Bxb5 10.Nxe6 Bxd4 11.Nxb5 Qa5+ 12.Qd2 Bf2+ 13.Kd1 Ne3+ 14.Ke2 Qxb5+ 
15.Kxf2 Ng4+ 16.Kg3 Na6 17.b3 Nh6 18.Bb2 Rg8 19.Rhe1 Nf5+ 20.Kf2 h5 21.
Rad1 Kd7 22.a3 Rae8 23.Kg1 Nc7 24.c4 Qb6 25.Ng5 Qxb3 26.Ne4 Qxc4 27.Bf6 
Rgf8 28.Be5 b6 29.g3 Kc8 30.Bb2 d5 31.Rc1 Qb5 32.Ng5 d4 33.Re5 Rd8 34.Ne4 
Rd7 35.h3 Rfd8 36.g4 hxg4 37.hxg4 Nh6 38.Nxc5 bxc5 39.Rexc5 Qb6 40.Rc6 Qb3
41.Qa5 Qg3+ 42.Kh1 Qf3+ 43.Kg1 Qxg4+ 44.Kh1 Qf3+ 45.Kg1 Qg4+ 46.Kh1 Qh5+ 
47.Qxh5 gxh5 48.Rxh6 Rf8 49.Rxh5 Rxf4 50.Rhc5 e6 51.Kg2 Rg7+ 52.Kh3 Rf3+ 
53.Kh4 Rf4+ 54.Kh5 Kd8 55.Rd1 Rd7 56.Kg5 Re4 57.Rd3 Ne8 58.a4 Rg7+ 59.Kh5 
e5 60.Rd5+ Ke7 61.Ba3+ Ke6 62.Rd8 Nf6+ 63.Kh6 Rh7+ 0-1

[Event "6th EUR-ch (w)"]
[Site "Chisinau MDA"]
[Date "2005.06.16"]
[Round "6"]
[White "Lematschko, Tatjana"]
[Black "Nebolsina, Vera"]
[Result "0-1"]
[WhiteElo "2231"]
[BlackElo "2302"]
[EventDate "2005.06.10"]
[PlyCount "93"]

1.d4 d5 2.Nf3 Nf6 3.c4 c6 4.e3 Bf5 5.Nc3 e6 6.Nh4 Bg4 7.Qb3 Qb6 8.h3 Bh5 
9.Qxb6 axb6 10.g4 Bg6 11.Nxg6 hxg6 12.f3 Nbd7 13.Kf2 Bd6 14.g5 Ng8 15.cxd5
exd5 16.e4 dxe4 17.Nxe4 Bc7 18.Bd2 Ne7 19.Bc4 Nf5 20.Bc3 Bf4 21.Rae1 Kf8 
22.a3 b5 23.Bb3 Nb6 24.Rhg1 Rxh3 25.Rg4 Bc7 26.Reg1 Rd8 27.Bb4+ Kg8 28.Bc5
Rh2+ 29.R4g2 Rxg2+ 30.Kxg2 Nxd4 31.Ba2 Ne2 32.Re1 Nf4+ 33.Kf1 Na4 34.Rb1 
Nxc5 35.Nxc5 Bb6 36.b4 Bxc5 37.bxc5 Rd3 38.a4 Rxf3+ 39.Ke1 Ra3 40.Bb3 Nd3+
41.Kd2 Nxc5 42.Bc2 bxa4 43.Re1 Kf8 44.Re5 Nb3+ 45.Kc3 Na1+ 46.Kb2 Nxc2 47.
Kxc2 0-1

[Event "6th EUR-ch (w)"]
[Site "Chisinau MDA"]
[Date "2005.06.16"]
[Round "6"]
[White "Tsoganova, Monika"]
[Black "Malysheva, Polina"]
[Result "1-0"]
[WhiteElo "2211"]
[BlackElo "2301"]
[EventDate "2005.06.10"]
[PlyCount "53"]

1.d4 d5 2.c4 e6 3.Nf3 c5 4.cxd5 exd5 5.Nc3 Nc6 6.g3 Nf6 7.Bg2 Be7 8.O-O 
O-O 9.Bg5 cxd4 10.Nxd4 h6 11.Bf4 Bg4 12.h3 Be6 13.Rc1 Qd7 14.Nxe6 fxe6 15.
e4 d4 16.e5 Ne8 17.Qd3 Nb4 18.Qg6 dxc3 19.Be4 Rxf4 20.gxf4 cxb2 21.Rcd1 
Nd5 22.Rxd5 Qc8 23.Qh7+ Kf8 24.Bg6 Bh4 25.Rd2 Qc3 26.Rfd1 Qc5 27.Qh8+ 1-0

[Event "6th EUR-ch (w)"]
[Site "Chisinau MDA"]
[Date "2005.06.16"]
[Round "6"]
[White "Sirotkina, Nina"]
[Black "Bogza, Adina"]
[Result "0-1"]
[WhiteElo "2206"]
[BlackElo "2297"]
[EventDate "2005.06.10"]
[PlyCount "108"]

1.Nf3 Nf6 2.g3 g6 3.Bg2 Bg7 4.O-O d5 5.c4 O-O 6.cxd5 Nxd5 7.d4 Nb6 8.Qc2 
Nc6 9.Rd1 Re8 10.h3 h6 11.Nc3 Nb4 12.Qb1 c6 13.e4 a5 14.a3 Na6 15.Bf4 g5 
16.Be3 Nc4 17.Bc1 Nc7 18.b3 Nd6 19.Be3 f5 20.Ne5 fxe4 21.Bxe4 Nxe4 22.Qxe4
Be6 23.h4 Bd5 24.Nxd5 Qxd5 25.Qg6 Qe6 26.hxg5 Qxg6 27.Nxg6 hxg5 28.Bxg5 
Ne6 29.Be3 c5 30.Ra2 cxd4 31.Bd2 Kf7 32.Nh4 Nc5 33.b4 Ne4 34.Rb2 a4 35.Nf5
Bf6 36.f3 Nc3 37.Re1 d3 38.Kf1 Rac8 39.Nh6+ Kg6 40.Ng4 Ne2 41.Nxf6 exf6 
42.Kf2 b5 43.g4 Rc4 44.Rd1 Rh8 45.Ke3 Rh2 46.Rbb1 Nf4 47.Re1 Ng2+ 48.Kxd3 
Nxe1+ 49.Rxe1 Rf2 50.f4 Rf3+ 51.Be3 Rg3 52.g5 f5 53.Re2 Rxf4 54.Kd2 Re4 
0-1

[Event "6th EUR-ch (w)"]
[Site "Chisinau MDA"]
[Date "2005.06.16"]
[Round "6"]
[White "Makropoulou, Marina"]
[Black "Dolzhikova, Kateryna"]
[Result "0-1"]
[WhiteElo "2285"]
[BlackElo "2232"]
[EventDate "2005.06.10"]
[PlyCount "52"]

1.e4 c5 2.Nf3 d6 3.Bc4 Nf6 4.d3 e6 5.Bb3 Nc6 6.c3 Be7 7.O-O O-O 8.Nbd2 b6 
9.Re1 Ba6 10.Nf1 Ne5 11.Bc2 Rc8 12.h3 Rc7 13.Ng3 Nfd7 14.Nh2 Nc6 15.a3 Qc8
16.Be3 Rd8 17.Rc1 Nf8 18.f4 d5 19.e5 d4 20.Bf2 c4 21.cxd4 Nxd4 22.Bxd4 
cxd3 23.Bxd3 Rxd4 24.Rxc7 Qxc7 25.Bxa6 Rxd1 26.Rxd1 b5 0-1

[Event "6th EUR-ch (w)"]
[Site "Chisinau MDA"]
[Date "2005.06.16"]
[Round "6"]
[White "Sharevich, Anna"]
[Black "Cherednichenko, Svetlana"]
[Result "1-0"]
[WhiteElo "2278"]
[BlackElo "2230"]
[EventDate "2005.06.10"]
[PlyCount "123"]

1.d4 Nf6 2.c4 g6 3.Nc3 Bg7 4.e4 d6 5.Nf3 O-O 6.Bg5 h6 7.Bh4 Nbd7 8.Be2 e5 
9.d5 Kh7 10.Nd2 Rg8 11.O-O Bf8 12.b4 Be7 13.Bg3 Ne8 14.Qc2 Ng7 15.f4 f5 
16.Bd3 exf4 17.Bxf4 Ne5 18.Be2 Bf6 19.Rae1 a5 20.bxa5 Rxa5 21.Nb3 Ra8 22.
Qd2 Nf7 23.exf5 Nxf5 24.Ne4 Bg7 25.g4 g5 26.Bg3 Nxg3 27.Rxf7 Nxe4 28.Bd3 
Rf8 29.Rxf8 Qxf8 30.Rxe4 Kg8 31.Qe2 Be5 32.Nd4 Bd7 33.Ne6 Bxe6 34.dxe6 Qf6
35.c5 Rf8 36.cxd6 cxd6 37.Bc4 Kg7 38.Kg2 Rc8 39.a4 Rc5 40.Bb3 Qe7 41.Rc4 
Bf6 42.Rxc5 dxc5 43.Qe4 Kf8 44.Bd5 b6 45.Qg6 Qg7 46.Qf7+ Qxf7 47.exf7 Ke7 
48.Kf3 Bg7 49.Ke4 Kf6 50.h3 Bf8 51.Bc4 Be7 52.Ba2 Bf8 53.Bb3 c4 54.Bxc4 
Bb4 55.Kd5 Kxf7 56.Kc6+ Kf6 57.Kxb6 Ke5 58.a5 Kd4 59.Bf7 Bc5+ 60.Kb7 Ke5 
61.a6 Kf6 62.Bh5 1-0

[Event "6th EUR-ch (w)"]
[Site "Chisinau MDA"]
[Date "2005.06.16"]
[Round "6"]
[White "Tarasova, Viktoria"]
[Black "Srebrnic, Ana"]
[Result "0-1"]
[WhiteElo "2268"]
[BlackElo "2221"]
[EventDate "2005.06.10"]
[PlyCount "128"]

1.c4 e5 2.Nc3 Bb4 3.g3 Bxc3 4.bxc3 Nc6 5.e4 Nge7 6.Bg2 O-O 7.Ne2 d6 8.O-O 
f5 9.d3 fxe4 10.Bxe4 Bh3 11.Bg2 Qd7 12.Rb1 b6 13.Be3 Bxg2 14.Kxg2 Qg4 15.
Ng1 Qg6 16.Qd2 Nf5 17.Kh1 Rae8 18.Rbc1 Qh5 19.h3 Qg6 20.Kh2 Nd8 21.g4 Nxe3
22.fxe3 h5 23.gxh5 Qxh5 24.Ne2 Ne6 25.Ng3 Qh7 26.Ne4 Nc5 27.Nxc5 bxc5 28.
e4 Qh4 29.Qg2 Re6 30.Rxf8+ Kxf8 31.Rf1+ Rf6 32.Rxf6+ Qxf6 33.Qg4 Qf2+ 34.
Kh1 Qe1+ 35.Kh2 Qd2+ 36.Kg1 Qxd3 37.Qc8+ Kf7 38.Qd7+ Kf6 39.Qf5+ Ke7 40.
Qg5+ Ke8 41.Qxg7 Qxc4 42.Qxc7 Qxe4 43.Qc8+ Ke7 44.Qc7+ Ke6 45.Qc8+ Kf6 46.
Qf8+ Kg5 47.Qxd6 Qe3+ 48.Kg2 Qxc3 49.Qe7+ Kf4 50.Qh4+ Ke3 51.Qf2+ Kd3 52.
Qf5+ e4 53.Qd5+ Qd4 54.Qb3+ Kd2 55.a4 Qg7+ 56.Kf1 Qa1+ 57.Kg2 e3 58.Qd5+ 
Qd4 59.Qa2+ Kd3 60.Qb1+ Ke2 61.Qc2+ Qd2 62.Qb1 Qd5+ 63.Kg3 Qg5+ 64.Kh2 
Qf4+ 0-1

[Event "6th EUR-ch (w)"]
[Site "Chisinau MDA"]
[Date "2005.06.16"]
[Round "6"]
[White "Minina, Veronika"]
[Black "Szczepkowska, Karina"]
[Result "1-0"]
[WhiteElo "2059"]
[BlackElo "2264"]
[EventDate "2005.06.10"]
[PlyCount "133"]

1.d4 d6 2.c4 e5 3.d5 f5 4.Nc3 Nf6 5.f3 g6 6.e4 Bg7 7.exf5 gxf5 8.Bg5 Nbd7 
9.Qd2 Nf8 10.O-O-O Ng6 11.Bd3 Bd7 12.Nge2 O-O 13.Qc2 Ne7 14.h3 h6 15.Bh4 
Ng6 16.Be1 Qc8 17.g4 e4 18.fxe4 fxg4 19.Ng3 gxh3 20.Nf5 Bxf5 21.exf5 Ne5 
22.Rxh3 Nfg4 23.Be4 Nxc4 24.Qe2 Nce5 25.Bd2 Qe8 26.Rdh1 b5 27.Rh4 h5 28.
Rxh5 b4 29.Nd1 Rf7 30.R5h4 Nf6 31.Bh6 Kf8 32.Qg2 Bxh6+ 33.Rxh6 Ke7 34.Qg5 
Qb5 35.Rg6 Raf8 36.Bc2 a5 37.Nf2 Kd7 38.Rhh6 Qf1+ 39.Nd1 Nxd5 40.f6 Qf4+ 
41.Qxf4 Nxf4 42.Rg7 Kd8 43.Rhh7 c5 44.Ne3 d5 45.Ng4 Nxg4 46.Rxf7 Rxf7 47.
Rxf7 Ke8 48.Re7+ Kf8 49.Rc7 c4 50.f7 Ne5 51.Ra7 Nxf7 52.Rxa5 Ke7 53.Rb5 
Ne5 54.Kd2 Kd6 55.Rxb4 d4 56.Be4 Kc5 57.Rb8 d3 58.a4 Ne6 59.a5 Nc7 60.Rc8 
Kd6 61.Bb7 Nb5 62.a6 Kd7 63.Rc5 c3+ 64.bxc3 Na3 65.a7 Nac4+ 66.Rxc4 Nxc4+ 
67.Kxd3 1-0

[Event "6th EUR-ch (w)"]
[Site "Chisinau MDA"]
[Date "2005.06.16"]
[Round "6"]
[White "Smochina, Carolina"]
[Black "Padurariu, Ioana-Smaranda"]
[Result "1/2-1/2"]
[WhiteElo "2307"]
[BlackElo "2153"]
[EventDate "2005.06.10"]
[PlyCount "83"]

1.d4 d5 2.c4 e6 3.Nc3 Be7 4.Nf3 Nf6 5.Bg5 O-O 6.e3 Nbd7 7.cxd5 exd5 8.Bd3 
Re8 9.Qc2 Nf8 10.h3 Be6 11.O-O c6 12.Ne5 N6d7 13.Bxe7 Rxe7 14.f4 f6 15.Nf3
Nb6 16.Rae1 a6 17.Qf2 Qd6 18.g4 c5 19.e4 dxe4 20.Nxe4 Qxf4 21.dxc5 Nd5 22.
Nd6 Nb4 23.Bb1 Nc6 24.a3 Bd5 25.Rxe7 Nxe7 26.Nd4 Qxf2+ 27.Kxf2 Nd7 28.b4 
Ne5 29.Rd1 g6 30.Rd2 Kg7 31.Ba2 Bxa2 32.Rxa2 Rb8 33.Ne6+ Kg8 34.Rd2 b6 35.
cxb6 Rxb6 36.Nc5 h5 37.gxh5 gxh5 38.Nce4 Kg7 39.Rd1 f5 40.Nc5 Kf6 41.Ne8+ 
Kf7 42.Nd6+ 1/2-1/2

[Event "6th EUR-ch (w)"]
[Site "Chisinau MDA"]
[Date "2005.06.16"]
[Round "6"]
[White "Nill, Jessica"]
[Black "Ivanova-Skripova, Tatiana"]
[Result "1/2-1/2"]
[WhiteElo "2290"]
[BlackElo "2205"]
[EventDate "2005.06.10"]
[PlyCount "47"]

1.d4 Nf6 2.c4 e6 3.Nc3 d5 4.Bg5 Be7 5.e3 Nbd7 6.Nf3 Ne4 7.Bxe7 Qxe7 8.cxd5
Nxc3 9.bxc3 exd5 10.Bd3 c5 11.O-O O-O 12.Re1 Nf6 13.Ne5 c4 14.Bc2 Qa3 15.
Qd2 b5 16.Rab1 Rb8 17.f3 Be6 18.g4 Rb6 19.g5 Nd7 20.Nxd7 Bxd7 21.e4 f6 22.
g6 hxg6 23.exd5 Qd6 24.Qg2 1/2-1/2

[Event "6th EUR-ch (w)"]
[Site "Chisinau MDA"]
[Date "2005.06.16"]
[Round "6"]
[White "Partac, Elena"]
[Black "Ptacnikova, Lenka"]
[Result "1/2-1/2"]
[WhiteElo "2190"]
[BlackElo "2277"]
[EventDate "2005.06.10"]
[PlyCount "46"]

1.e4 c5 2.Nf3 Nc6 3.Bb5 g6 4.O-O Bg7 5.Re1 Nf6 6.e5 Nd5 7.Nc3 Nc7 8.Bxc6 
dxc6 9.Ne4 b6 10.d3 O-O 11.h3 Be6 12.Bd2 Qd7 13.Qc1 Nb5 14.Bh6 Nd4 15.Nxd4
cxd4 16.Qf4 Bxh6 17.Qxh6 f6 18.exf6 exf6 19.Re2 Bd5 20.Rae1 Bxe4 21.Rxe4 
Rae8 22.Qh4 Rxe4 23.Qxe4 Rf7 1/2-1/2

[Event "6th EUR-ch (w)"]
[Site "Chisinau MDA"]
[Date "2005.06.16"]
[Round "6"]
[White "Eidelson, Rakhil"]
[Black "Kalinina, Larisa"]
[Result "1/2-1/2"]
[WhiteElo "2268"]
[BlackElo "2177"]
[EventDate "2005.06.10"]
[PlyCount "127"]

1.Nf3 c5 2.g3 g6 3.Bg2 Bg7 4.O-O Nc6 5.c4 e6 6.Nc3 Nge7 7.d3 O-O 8.Bg5 h6 
9.Bd2 d6 10.Rb1 b6 11.a3 a5 12.Nb5 Bb7 13.d4 Nxd4 14.Nfxd4 Bxg2 15.Nxe6 
fxe6 16.Kxg2 d5 17.Qc2 Qd7 18.Rbd1 Qc6 19.Kg1 Rf7 20.Bc1 Nf5 21.Qb3 d4 22.
Qd3 e5 23.e4 Ne7 24.f4 exf4 25.gxf4 Kh7 26.Rde1 Raf8 27.Bd2 h5 28.Re2 Bh6 
29.Ref2 Kg7 30.Qe2 Kh7 31.Qd3 Kg7 32.b4 axb4 33.axb4 Kh7 34.bxc5 bxc5 35.
Qg3 Rg7 36.Re2 Nf5 37.Qd3 Nd6 38.Nxd6 Qxd6 39.e5 Qe6 40.Rg2 Rgf7 41.Qe4 
Rf5 42.Qd5 Qf7 43.Qd6 Rg8 44.Qd8 Qd5 45.cxd5 c4 46.d6 c3 47.Bc1 d3 48.Rd1 
d2 49.Bxd2 cxd2 50.Rgxd2 Bxf4 51.e6 Bxd2 52.Rxd2 Re5 53.e7 Re8 54.d7 R5xe7
55.dxe8=Q Rxe8 56.Kg2 Re4 57.Kg3 h4+ 58.Kf3 Rc4 59.Kg2 Kh6 60.h3 Rc3 61.
Ra2 Rg3+ 62.Kh2 Rf3 63.Kg2 Rf4 64.Rb2 1/2-1/2

[Event "6th EUR-ch (w)"]
[Site "Chisinau MDA"]
[Date "2005.06.16"]
[Round "6"]
[White "Sarakauskiene, Zivile"]
[Black "Calotescu, Ana-Cristina"]
[Result "1-0"]
[WhiteElo "2177"]
[BlackElo "2268"]
[EventDate "2005.06.10"]
[PlyCount "125"]

1.e4 c5 2.Nf3 d6 3.d4 Nf6 4.Nc3 cxd4 5.Nxd4 a6 6.Bg5 e6 7.f4 Nc6 8.Qd2 h6 
9.Bxf6 Qxf6 10.Nf3 Qd8 11.O-O-O Be7 12.h4 Qc7 13.Kb1 Bd7 14.Qe3 Qa5 15.Nd2
b5 16.g4 Rc8 17.Bd3 Nb4 18.Nb3 Qc7 19.Rc1 Bf6 20.Ne2 e5 21.f5 d5 22.a3 d4 
23.Qg3 Nxd3 24.cxd3 Bc6 25.Nc5 a5 26.g5 hxg5 27.hxg5 Rxh1 28.Rxh1 Be7 29.
Rh8+ Bf8 30.f6 gxf6 31.gxf6 Qd6 32.Qh3 Kd8 33.b4 axb4 34.axb4 Ra8 35.Qf5 
Kc7 36.Rh7 Be8 37.Rh5 Bd7 38.Qxd7+ Qxd7 39.Nxd7 Kxd7 40.Rxe5 Bxb4 41.Nxd4 
Rb8 42.Rd5+ Kc7 43.Nxb5+ Kb6 44.Nd4 Bc5 45.Nf3 Ka5+ 46.Kc2 Kb4 47.Rd7 Rg8 
48.Rb7+ Ka4 49.Rxf7 Rg2+ 50.Kc3 Rf2 51.Ng5 Be3 52.Ne6 Rf1 53.d4 Kb5 54.Kd3
Bc1 55.e5 Ba3 56.Ke4 Kb6 57.Nd8 Bc1 58.Rb7+ Ka6 59.Rb3 Rf4+ 60.Kd5 Bd2 61.
Ne6 Rf1 62.Kd6 Ka5 63.Ke7 1-0

[Event "6th EUR-ch (w)"]
[Site "Chisinau MDA"]
[Date "2005.06.16"]
[Round "6"]
[White "Iodo, Anna"]
[Black "Andriasian, Siranush"]
[Result "0-1"]
[WhiteElo "2176"]
[BlackElo "2263"]
[EventDate "2005.06.10"]
[PlyCount "56"]

1.e4 c5 2.b3 e5 3.Bb2 Nc6 4.Nc3 d6 5.g3 Nf6 6.Bg2 Nd4 7.Nf3 Bg4 8.h3 Nxf3+
9.Bxf3 Be6 10.Qe2 a6 11.Bg2 Qc7 12.f4 O-O-O 13.f5 Bd7 14.g4 Bc6 15.g5 Nd7 
16.Nd1 Be7 17.h4 f6 18.Qe3 g6 19.fxg6 hxg6 20.Nf2 Rdf8 21.c4 Qd8 22.Qd3 
fxg5 23.hxg5 Rxh1+ 24.Nxh1 Bxg5 25.Qxd6 Bh4+ 26.Kd1 Qg5 27.Bh3 Qg1+ 28.Kc2
Bxe4+ 0-1

[Event "6th EUR-ch (w)"]
[Site "Chisinau MDA"]
[Date "2005.06.16"]
[Round "6"]
[White "Galoian, Lilit"]
[Black "Meshcheriakova, Evgenia"]
[Result "1/2-1/2"]
[WhiteElo "2256"]
[BlackElo "2193"]
[EventDate "2005.06.10"]
[PlyCount "153"]

1.b3 Nf6 2.Bb2 e6 3.c4 b6 4.Nf3 Bb7 5.g3 Be7 6.Bg2 O-O 7.O-O c5 8.e3 d6 9.
d4 Nbd7 10.Qe2 Qc7 11.Nc3 a6 12.Rad1 Rfe8 13.Rd2 Ne4 14.Nxe4 Bxe4 15.Rfd1 
b5 16.Ne1 Bxg2 17.Nxg2 bxc4 18.bxc4 Rab8 19.e4 cxd4 20.Bxd4 Rec8 21.Ne3 
Bf8 22.f3 Rb7 23.Rb2 Rxb2 24.Bxb2 Qa5 25.Qc2 Nb6 26.Qb3 Na4 27.Ba3 Nc5 28.
Qb4 Qd8 29.Qd2 Qb6 30.Kg2 Rb8 31.Nc2 Be7 32.Bb4 h6 33.h4 Qc6 34.Ne3 Qa4 
35.Bc3 Qa3 36.Ba1 Rb6 37.Qc3 Qxc3 38.Bxc3 Na4 39.Bd4 Rb4 40.f4 h5 41.Rd3 
Nb6 42.Rb3 Rxb3 43.axb3 Nd7 44.Kf3 Kf8 45.Nc2 a5 46.Ke2 Nc5 47.Bxc5 dxc5 
48.Kd3 Ke8 49.Na3 Kd7 50.Nb5 Kc6 51.Nc3 Bf6 52.e5 Be7 53.Ke4 g6 54.Kd3 Kb6
55.Na4+ Kc6 56.Nc3 Kb6 57.Ne4 Kc6 58.Kc3 Kb6 59.Kb2 Kc6 60.Ka3 Kb6 61.Ka4 
Ka6 62.Nd6 f6 63.Nf7 Kb6 64.Nh8 fxe5 65.fxe5 g5 66.Ng6 gxh4 67.gxh4 Bd8 
68.Ka3 Kc6 69.Ka4 Kb6 70.Nf4 Bxh4 71.Nxh5 Bg5 72.Ng7 Bf4 73.Nxe6 Bxe5 74.
Nf8 Bd4 75.Ng6 Ka6 76.Nf4 Be3 77.Nd5 1/2-1/2

[Event "6th EUR-ch (w)"]
[Site "Chisinau MDA"]
[Date "2005.06.16"]
[Round "6"]
[White "Susterman, Anja"]
[Black "Van Weersel, Arlette"]
[Result "1-0"]
[WhiteElo "2250"]
[BlackElo "2158"]
[EventDate "2005.06.10"]
[PlyCount "65"]

1.e4 e5 2.Nc3 Nf6 3.Bc4 Nc6 4.d3 Na5 5.Nge2 Be7 6.Bg5 Nxc4 7.dxc4 d6 8.Qd3
Be6 9.h3 Qd7 10.O-O-O a5 11.Be3 Qc6 12.Nd5 Nd7 13.Nec3 Bd8 14.g3 Nc5 15.
Qe2 Qa6 16.Bxc5 dxc5 17.f4 c6 18.Ne3 Bc7 19.f5 Bd7 20.Qg4 O-O-O 21.Qxg7 
Rhg8 22.Qxf7 Rxg3 23.Rd3 Rxe3 24.Rxe3 Be8 25.Qe6+ Bd7 26.Qe7 Re8 27.Qf7 
Bd8 28.Rd3 Re7 29.Qg8 Re8 30.Qg6 Qxc4 31.Rxd7 Kxd7 32.Rd1+ Qd4 33.Ne2 1-0

[Event "6th EUR-ch (w)"]
[Site "Chisinau MDA"]
[Date "2005.06.16"]
[Round "6"]
[White "Gheorghe, Corina"]
[Black "Lazo, Xenia"]
[Result "1/2-1/2"]
[WhiteElo "2234"]
[BlackElo "2001"]
[EventDate "2005.06.10"]
[PlyCount "79"]

1.e4 e6 2.d3 d5 3.Nd2 Nf6 4.g3 b6 5.Bg2 Bb7 6.Ne2 c5 7.O-O Be7 8.c3 O-O 9.
e5 Nfd7 10.d4 Nc6 11.Nf3 Rc8 12.a3 a5 13.h4 b5 14.Bg5 c4 15.Nf4 h6 16.Bxe7
Qxe7 17.Nh2 Rfe8 18.Re1 Nf8 19.Ng4 Ng6 20.Nh5 Kh8 21.Qd2 Qf8 22.Bf3 Nce7 
23.Bd1 Bc6 24.Bc2 Rb8 25.Nhf6 gxf6 26.exf6 Ng8 27.h5 N6e7 28.fxe7 Rxe7 29.
Qf4 Reb7 30.Re3 b4 31.axb4 axb4 32.Ne5 Bb5 33.cxb4 Qg7 34.Ra5 Be8 35.b5 
Nf6 36.Nc6 Rxb5 37.Nxb8 Rxa5 38.Ra3 Rb5 39.Ra8 Rxb2 40.Ba4 1/2-1/2

[Event "6th EUR-ch (w)"]
[Site "Chisinau MDA"]
[Date "2005.06.16"]
[Round "6"]
[White "Cicariova, Elena"]
[Black "Burtasova, Anna"]
[Result "0-1"]
[WhiteElo "2081"]
[BlackElo "2223"]
[EventDate "2005.06.10"]
[PlyCount "112"]

1.c4 e6 2.e4 c5 3.Nc3 d6 4.Nf3 e5 5.Be2 g6 6.O-O Ne7 7.Rb1 Nbc6 8.a3 Bg7 
9.b4 b6 10.Ne1 O-O 11.Nc2 Nd4 12.Ne3 f5 13.f3 Bh6 14.Ned5 Be6 15.Bb2 Qd7 
16.Bd3 Bxd5 17.exd5 Kh8 18.Bc1 Ng8 19.bxc5 bxc5 20.Nb5 Nf6 21.Bc2 Nxb5 22.
Rxb5 Nxd5 23.Ba4 Nf4 24.Rxc5 Qe7 25.Rb5 Nd3 26.Qc2 a6 27.Qxd3 axb5 28.Bxb5
Qa7+ 29.Kh1 Bg7 30.Qxd6 Rfd8 31.Qb4 Bf8 32.Qc3 Qd4 33.Qb3 Qd3 34.Qxd3 Rxd3
35.a4 Bc5 36.Re1 Bd4 37.c5 Rb3 38.c6 Rb1 39.Rf1 Rc8 40.g3 Ra1 41.Kg2 Kg7 
42.d3 h6 43.f4 Ra2+ 44.Kf3 Rxh2 45.fxe5 Bxe5 46.Re1 Kf6 47.Bf4 Bxf4 48.
gxf4 g5 49.d4 g4+ 50.Kg3 Rd2 51.Rc1 h5 52.Kh4 Rc7 53.a5 Rh2+ 54.Kg3 Rb2 
55.Bf1 h4+ 56.Kxh4 Rb3 0-1

[Event "6th EUR-ch (w)"]
[Site "Chisinau MDA"]
[Date "2005.06.16"]
[Round "6"]
[White "Foisor, Mihaela-Veronica"]
[Black "Repkova, Eva"]
[Result "0-1"]
[WhiteElo "1930"]
[BlackElo "2392"]
[EventDate "2005.06.10"]
[PlyCount "64"]

1.d4 d5 2.c4 e6 3.Nf3 Nf6 4.Nc3 c5 5.dxc5 Bxc5 6.cxd5 exd5 7.e3 Nc6 8.Be2 
O-O 9.O-O a6 10.a3 Ba7 11.b4 d4 12.exd4 Nxd4 13.Nxd4 Bxd4 14.Bb2 Be6 15.
Rc1 Rc8 16.Ba1 Qd7 17.Qa4 Qd6 18.Rfd1 Qe5 19.Qa5 b5 20.Rxd4 Qxd4 21.Qxa6 
Ne4 22.Nd1 Qd2 23.Rxc8 Rxc8 24.Kf1 h6 25.f3 Qa2 26.Bd4 Qd5 27.Be3 Nd2+ 28.
Ke1 Nc4 29.Bc5 Bd7 30.a4 Re8 31.Kf2 Qd2 32.Ne3 Nxe3 0-1

[Event "6th EUR-ch (w)"]
[Site "Chisinau MDA"]
[Date "2005.06.16"]
[Round "6"]
[White "Butuc, Maria"]
[Black "Hamelink, Desiree"]
[Result "1/2-1/2"]
[WhiteElo "2147"]
[BlackElo "2244"]
[EventDate "2005.06.10"]
[PlyCount "59"]

1.e4 c5 2.Nf3 d6 3.d4 cxd4 4.Nxd4 Nf6 5.Bd3 Nc6 6.Nxc6 bxc6 7.c4 g6 8.b3 
Bg7 9.Bb2 O-O 10.O-O a5 11.Nc3 Be6 12.Qd2 Nd7 13.Na4 f6 14.Rfd1 Qc7 15.
Rac1 Nb6 16.Nxb6 Qxb6 17.Qc3 c5 18.a4 Rab8 19.Bc2 Rf7 20.Qd3 Bh6 21.Rb1 
Qc7 22.Re1 Bg7 23.f4 Bd7 24.Bc3 Bc6 25.Qd2 Ra8 26.Rbd1 Rff8 27.Qe3 e5 28.
fxe5 fxe5 29.Qd2 Rf6 30.Rf1 1/2-1/2

[Event "6th EUR-ch (w)"]
[Site "Chisinau MDA"]
[Date "2005.06.16"]
[Round "6"]
[White "Lupik, Marina"]
[Black "Mirzoeva, Elmira"]
[Result "1/2-1/2"]
[WhiteElo "2123"]
[BlackElo "2232"]
[EventDate "2005.06.10"]
[PlyCount "162"]

1.d4 Nf6 2.c4 c5 3.d5 b5 4.cxb5 a6 5.e3 axb5 6.Bxb5 Qa5+ 7.Nc3 Ba6 8.Bxa6 
Nxa6 9.Nf3 d6 10.O-O g6 11.Nd2 Bg7 12.Nc4 Qb4 13.Qe2 Nc7 14.Bd2 Nd7 15.Ne4
Qa4 16.Bc3 f6 17.b3 Qa6 18.Qd2 O-O 19.Ng3 Nb6 20.Nxb6 Qxb6 21.e4 Rfb8 22.
h4 Nb5 23.Bb2 Na3 24.Qc1 Qb4 25.Bc3 Qb7 26.Ne2 Re8 27.Qd2 Qd7 28.h5 Qg4 
29.hxg6 hxg6 30.f3 Qh4 31.g3 Qh3 32.Rf2 Kf7 33.Rh2 Qd7 34.Nf4 Rh8 35.Ne6 
Rxh2 36.Qxh2 Rh8 37.Qe2 Nb5 38.Bb2 Nc7 39.Nxg7 Kxg7 40.g4 Nb5 41.Qc4 Qe8 
42.Kg2 Nc7 43.a4 g5 44.Rh1 Rf8 45.Rh5 Qg6 46.Qc1 Kf7 47.b4 Na6 48.b5 Nb4 
49.Qd1 c4 50.Bc3 Nd3 51.Rh1 Rb8 52.Qb1 Qg8 53.a5 Nf4+ 54.Kf1 Qc8 55.b6 Qc5
56.Qc1 Qb5 57.Rh7+ Kg6 58.Rh2 Nd3 59.Qc2 Qc5 60.Qd2 Qb5 61.Kg2 Qb1 62.Kg3 
Qg1+ 63.Qg2 Qc1 64.Qh3 Qg1+ 65.Rg2 Qc1 66.Rh2 Qg1+ 67.Qg2 Qc1 68.Bd2 Qa1 
69.Qh1 Qxh1 70.Rxh1 Nc5 71.Rc1 Nb3 72.Rc2 Kf7 73.Bb4 Ke8 74.Rxc4 Kd8 75.f4
gxf4+ 76.Kxf4 Kd7 77.Rc7+ Kd8 78.Rc6 Nd4 79.Rc4 Nb3 80.Kf5 Rb7 81.Kf4 Rb8 
1/2-1/2

[Event "6th EUR-ch (w)"]
[Site "Chisinau MDA"]
[Date "2005.06.16"]
[Round "6"]
[White "Seps, Monika"]
[Black "Alexanian, Nelli"]
[Result "1-0"]
[WhiteElo "2116"]
[BlackElo "2211"]
[EventDate "2005.06.10"]
[PlyCount "69"]

1.e4 e6 2.d4 d5 3.Nd2 h6 4.e5 c5 5.c3 cxd4 6.cxd4 Qb6 7.Ndf3 Bd7 8.Bd3 Bb5
9.Ne2 Bb4+ 10.Kf1 Nc6 11.h4 Bxd3 12.Qxd3 h5 13.Rh3 Qa6 14.Qd1 Nh6 15.Bxh6 
Rxh6 16.Rg3 Bf8 17.Kg1 Qb6 18.Ng5 Be7 19.Rb3 Qa6 20.Nf4 g6 21.Nfh3 Qa4 22.
Qf3 f6 23.Nxe6 Nxd4 24.Nxd4 Qxd4 25.exf6 Qxf6 26.Qxd5 Rd8 27.Qb5+ Qc6 28.
Qe2 Kf8 29.Nf4 Rd6 30.Rc3 Qd7 31.Re1 Bxh4 32.Ne6+ Kg8 33.Rc7 Qe8 34.Qc4 b5
35.Ng5+ 1-0